000 00847nam a22002777a 4500
001 000745
003 DO-SdBNP
005 20180209114625.0
007 000745
008 161125b 1995 sp a ||||| |||| 00| 0 spa d
020 _a843484270X
040 _aBPMSU
_bspa
_cBPMSU
100 1 _aMuñoz, Juan
245 1 0 _aFray Perico, Calcetín y el guerrillero Martín /
_cJuan Muñoz ; ilustraciones, Antonio Tello.
250 _a4ª ed.
260 _aMadrid :
_bSM,
_c1995.
300 _a151 p. :
_bil. ;
_c19 cm.
490 1 _aBarco de vapor. Serie naranja
_v85
500 _aA partir de 9 años.
500 _aIncluye datos del autor
700 1 _aTello, Antonio,
_d1951-
_eil.
830 0 _aBarco de vapor.
_pNaranja ;
_v85
942 _2ddc
_cBK
945 _aInventariado, 2018/MFF
956 _2LOPEREZ
_310
_620161125
_8BPMSU
_a00041
999 _c12104
_d12104